[Event "Schleswig Holstein-chB U18"]
[Site "Neumuenster"]
[Date "2001.04.11"]
[Round "6"]
[White "Guenther, Jan Philipp"]
[Black "Schaeffer, Patrick"]
[Result "1/2-1/2"]
[WhiteElo "1094"]
[BlackElo "1149"]
[PlyCount "52"]
[EventDate "2001.04.??"]
[EventType "swiss"]
[EventRounds "9"]
[EventCountry "GER"]
[SourceTitle "EXT 2003"]
[Source "ChessBase"]
[SourceDate "2002.11.25"]
[SourceVersion "1"]
[SourceVersionDate "2002.11.25"]
[SourceQuality "1"]

1. e4 e5 2. Nf3 Nc6 3. d4 exd4 4. Nxd4 Nxd4 5. Qxd4 Nf6 6. Nc3 b6 7. Bg5 Be7 8. 0-0-0 c5 9. Qa4 0-0 10. Bb5 d6 11. Rhe1 Qc7 12. e5 dxe5 13. Bxf6 Bxf6 14. Nd5 Qd6 15. f4 Qe6 16. Nc7 Qg4 17. Nxa8 Qxg2 18. Rd2 Qf3 19. fxe5 Bg5 20. Qc4 Bxd2+ 21. Kxd2 Qf2+ 22. Re2 Qd4+ 23. Qxd4 cxd4 24. Nc7 Be6 25. a3 Rd8 26. c3 dxc3+ 1/2-1/2

[Event "Schleswig Holstein-chB U18"]
[Site "Neumuenster"]
[Date "2001.04.08"]
[Round "3"]
[White "Guenther, Jan Philipp"]
[Black "Kaczenski, Mona Janine"]
[Result "1-0"]
[WhiteElo "1094"]
[BlackElo "1100"]
[PlyCount "63"]
[EventDate "2001.04.??"]
[EventType "swiss"]
[EventRounds "9"]
[EventCountry "GER"]
[SourceTitle "EXT 2003"]
[Source "ChessBase"]
[SourceDate "2002.11.25"]
[SourceVersion "1"]
[SourceVersionDate "2002.11.25"]
[SourceQuality "1"]

1. e4 e5 2. Nf3 Nc6 3. d4 Nf6 4. dxe5 Nxe4 5. Be3 f6 6. Bd4 Bc5 7. Nc3 Bxd4 8. Nxe4 Bxb2 9. Rb1 Bxe5 10. Bc4 Qe7 11. 0-0 d6 12. Qd5 Bf5 13. Rxb7 Qd7 14. Bb5 Bxe4 15. Qxe4 0-0 16. Bxc6 Qe7 17. Qd5+ Kh8 18. Nd4 Rac8 19. Rxa7 f5 20. Ra8 Rxa8 21. Bxa8 c5 22. Nc6 Qg5 23. Nxe5 Qf6 24. Nd7 Qd4 25. Qxd4 cxd4 26. Nxf8 g6 27. a4 Kg8 28. Ne6 Kf7 29. Nxd4 Ke7 30. a5 Kd7 31. a6 Kc7 32. Rb1 1-0